| 000 | 01133nam2a22002531 4500 | ||
|---|---|---|---|
| 001 | RU\NLR\INFOCOMM6\5000044436 | ||
| 005 | 20250617024834.0 | ||
| 035 | _a(NLR Aleph) 002392351 | ||
| 090 |
_a4634697 _c4634697 |
||
| 100 | _a20050108d1977 |||y0rusy50 ca | ||
| 101 | 0 | _arus | |
| 102 | _aRU | ||
| 105 | _ay ||||000|y | ||
| 200 | 1 |
_aТуманы _fИ.В. Кошеленко |
|
| 210 |
_d1977 _aБ. м. |
||
| 461 | 0 |
_1001RU\NLR\INFOCOMM6\5000043886 _12001#$aТруды Украинского регионального научно-исследовательского института$vВып.155 _94634258 _aУкраинский региональный НИИ Госкомгидромета СССР (Киев) _cМ. _d1954- _nГидрометеоиздат. Моск. отд-ние _tТруды Украинского регионального научно-исследовательского института _vВып.155 |
|
| 700 | 1 |
_aКошеленко _bИ.В. _4070 |
|
| 801 | 1 |
_aRU _bInfoComm _c20050108 |
|
| 801 | 0 |
_aRU _bNLR _gPSBO |
|
| 852 |
_aNLR _jП7/604 |
||
| 942 | _cISSUE | ||
| 980 | _aNB | ||
| 980 | _aRUSPER | ||